Jan Ladislav Živný zomrel (3.I.1872-17.III.1949)

Nekrológ za J. L. Živným, významným českým knihovníkom, riaditeľom Národnej a univerzitnej knižnice v Prahe

Bibliographic Details
Format: Article
Language:Slovak
Subjects:
Online Access:plný text

MARC

LEADER 00000nab a2200000 4500
001 vtls008693258
003 SK-MaSNL
005 20260304144546.0
008 250505 1949 xo ||||||h| ||00 b|slo
015 |a SNBRRBDKK190120XX 
035 |a CLAS02vtls000012829 
035 |a urn:nbn:sk:snk-ab72nh 
035 |a (uuid)cb911711-c2f4-4ca0-9a72-70f7f26e9fca 
035 |a (urnnbn)urn:nbn:sk:snk:ar-a06qgd 
035 |a (sysno)vtls008693258 
040 |a SNKBUCL  |b slo  |c SNKBUCL  |e AACR2 
041 0 |a slo 
044 |a xo  |c SK 
080 |a 027-057.1  |x (437.1)  |2 1997 
080 |a 929 Živný, Jan Ladislav  |2 1997 
245 0 0 |a Jan Ladislav Živný zomrel  |b (3.I.1872-17.III.1949)  |c FK. 
520 2 |a Nekrológ za J. L. Živným, významným českým knihovníkom, riaditeľom Národnej a univerzitnej knižnice v Prahe 
600 1 7 |a Živný, Jan Ladislav,  |d 1872-1949  |2 SNKBUDKK  |9 822854 
655 7 |a nekrológy  |2 SNKBUDKK  |9 402542 
773 0 |t Knižnica  |g Roč. 1 (5), č. 5 (1949), s. 140-142 
850 |a Slovenská národná knižnica 
852 |a Slovenská národná knižnica 
856 4 1 |u http://www.viks.sk/dkk/kniznica1949_140_142.doc  |y plný text 
910 |a bdkk  |a memoriask 
954 |a odborná, vedecká literatúra pôvodná (slovenská)  |2 lita 
958 |a article2022 
958 |a OND 
958 |a EUIPO 
999 |c 2931978  |d 2933908